00646cam a22002291i 4500001001300000003000400013005001700017008004100034010001700075035002000092040002100112042001200133050001900145100002900164245002900193260004200222300003000264500005600294740002100350752002800371999001700399he 66000680 DLC20260227111437.0860806s1955 ag c 000 0 yid  ahe 66000680  a(OCoLC)19307769 aDLCcMHdCUdDLC apremarc00aPJ5129.L4bA621 aLeivick, H.,d1888-1962.12aA blaṭ oyf an eplboym. aBuenos Ayres :b[Ḳiem],c715, 1955. a370 p. :bport. ;c23 cm. aAdded t.p.: A blat oif an eplboim. Hoja de manzano.0 aHoja de manzano. aArgentinadBuenos Aires c31657d31657